000 00458cam a22001337a 4500
008 180718b1979 xxu||||| |||| 00| 0 eng d
082 _aL1 H812
100 _aHouck, Lewis Daniel
245 _aA practical guide to budgetary and management control systems: a functional and performance evaluation approach
_cby Lewis Daniel Houck
260 _aLexington
_bLexington Books
_c1979
300 _a234p.
650 _aAccounting, Cost
650 _aBudgetary control
999 _c346578
_d346578